| 000 | 00602nmc a2200229 a 4500 | ||
|---|---|---|---|
| 003 | AR-BaBNM | ||
| 005 | 20251128202710.0 | ||
| 008 | 057019s1969 ||||||||||||||000 | spa|| | ||
| 040 | _cAR-BaBNM | ||
| 100 | 1 | _aGóes, Lúcia Pimentel | |
| 245 | 1 | 0 | _aReinaçôes de Michi e Lucita |
| 260 |
_aSan Pablo _bLivraria Quatro Artes Editora _c1969 |
||
| 300 | 0 |
_a110 p. _bil. |
|
| 490 | 0 | _aQuatro artes infantil | |
| 650 | 4 | _aCUENTO INFANTIL | |
| 650 | 4 | _aCUENTOS DE AVENTURAS | |
| 653 | 0 | _aCUENTO FANTASTICO | |
| 653 | 0 | _aLITERATURA BRASILENA | |
| 655 | _aLITERATURA | ||
| 942 | _cBK | ||
| 998 | _cMARTIN | ||
| 999 |
_c169 _d169 |
||